Realtà come suggestione : quattro mostre attraverso l'obiettivo /

সংরক্ষণ করুন:
গ্রন্থ-পঞ্জীর বিবরন
অন্যান্য লেখক: Colombo, Lanfranco
বিন্যাস: গ্রন্থ
ভাষা:ইতালিয়
প্রকাশিত: Milano : Electa, c1989
মালা:Quaderni del Salone del mobile di Milano ; 3
বিষয়গুলি:
ট্যাগগুলো: ট্যাগ যুক্ত করুন
কোনো ট্যাগ নেই, প্রথমজন হিসাবে ট্যাগ করুন!

MARC

LEADER 00000nam a22000007i 4500
001 IT\ICCU\UBO\2103799
003 ItRI
005 20260115231911.0
008 030128s1989 it |||||| ||||| |||||c
020 |a 8843527746 
040 |b ita  |c importazione bologna sebina 
041 7 |a ita  |2 ISO-639-2 
245 0 0 |a Realtà come suggestione :  |b quattro mostre attraverso l'obiettivo /  |c [testi a cura di Lanfranco Colombo]. 
260 |a Milano :  |b Electa,  |c c1989 
300 |a ill. ;  |c 28 cm 
500 |a In cop.: Salone del Mobile di Milano. 
650 7 |a Burkhart, Vanni  |2 scbi 
650 7 |a Fotografie 
650 7 |a Lotti, Giorgio 
650 7 |a Nocera, Enzo  |2 scbi 
650 7 |a Thorimbert, Toni  |2 scbi 
700 1 |a Colombo, Lanfranco  |0 IT\ICCU\CFIV\103802 
830 0 |a Quaderni del Salone del mobile di Milano ;  |v 3  |0 IT\ICCU\UFI\0030540 
942 |2 ddc  |c BK  |n 0 
952 |0 0  |1 0  |4 0  |6 DOC_770_740000000000000_REA  |7 0  |9 15879  |a BO  |b BO  |d 2026-01-15  |i 6763  |l 0  |o DOC 770.74 REA  |p BO6763  |r 2026-01-15 23:19:11  |w 2026-01-15  |x [Sebina 7] [1 v.]  |y BK  |z 1 v. 
999 |c 13651  |d 13651